000 00546nam a22001817a 4500
005 20251108164018.0
008 250721s1996 xx 000 0 ara d
082 1 4 _a137/كام
100 1 _aعويضه، كامل محمد محمد
245 1 0 _aعلم النفس بين الشخصية و الفكر /
264 1 _aبيروت :
_bدار الكتب العلمية،
_c1996.
300 _a200ص
490 0 _aسلسلة علم النفس ؛ 17
650 1 7 _aالشخصية
650 1 7 _aعلم النفس
942 _2ddc
_cBK
999 _c1379
_d1379